000 00318nam a2200133 a 4500
005 20140412111430.0
008 110218s19uu xx 00 eng d
050 _aM 363.72
_bGol622 2010
100 _aGoldsmith, Mike
245 _aRecycling.
260 _bTicktock.
440 _aLet's find about
999 _c106345
_d106345